000 00425nam a2200181Ia 4500
001 9525
005 20260306161725.0
008 260306t1982||||xx |||||||||||||| ||spa||
041 _aESP
082 _a379.985
_bE93
100 _aEstruch Argelaga, Jaime,
_eAUT
245 0 _aReflexiones pedagógicas
260 _c1982
300 _a182 páginas :
_c21 cm.
650 _aGEN
654 _aCED
942 _cLIB
_dJUS
_fJUS
_2ddc
_n
999 _c9525
_d9525